[Event "Match"]
[Site "www.echecsemail.com"]
[Date "2016.04.18"]
[Round "1"]
[White "Yakke"]
[Black "Elogic"]
[WhiteElo "1720"]
[BlackElo "1890"]
[Result "0-1"]
[Round "1"]
1.e4 c5
2.Bf1c4 e6
3.d3 a6
4.Ng1f3 d5
5.exd5 exd5
6.Bc4b3 h6
7.O-O Bc8e6
8.Rf1e1 Ng8f6
9.h3 b5
10.a3 c4
11.Bb3a2 Nb8c6
12.Nb1c3 d4
13.Nc3e2 Bf8c5
14.Bc1f4 O-O
15.Nf3e5 Nc6xe5
16.Bf4xe5 Nf6h7
17.Ne2f4 Be6f5
18.Nf4h5 f6
19.Be5f4 Qd8d5
20.Nh5g3 Kh8
21.dxc4 bxc4
22.c3 d3
23.Ba2b1 Bf5d7
24.Ng3e4 Bc5b6
25.Ne4d6 Bd7c6
26.Qd1g4 f5
27.Qg4g6 Rf8f6
28.Qg6g3 g5
29.Bf4e5 f4
30.Be5xf6 Nh7xf6
31.Qg3f3 Qd5xd6
32.Qf3d1 Nf6e4
33.Qd1h5 Bb6xf2
34.Kh1 Ne4g3
{ resign }
0-1

[Event "Match"]
[Site "www.echecsemail.com"]
[Date "2016.04.18"]
[Round "1"]
[White "Elogic"]
[Black "Umutkrc"]
[WhiteElo "1850"]
[BlackElo "1850"]
[Result "1-0"]
[Round "1"]
1.e4 e6
2.c3 Nb8c6
3.d4 d5
4.e5 f6
5.exf6 Qd8xf6
6.h4 h6
7.Ng1f3 Ng8e7
8.g3 e5
9.Bf1b5 Bc8d7
10.dxe5 Nc6xe5
11.Bb5xd7 Ne5xd7
12.Bc1f4 O-O-O
13.Nf3d4 g5
14.hxg5 hxg5
15.Rh1xh8 Qf6xh8
16.Bf4xg5 Qh8e5
17.Bg5e3 Bf8h6
18.Qd1d3 Nd7c5
19.Qd3e2 Bh6xe3
20.Qe2xe3 Qe5xe3
21.fxe3 Nc5d3
22.Kd2 Nd3xb2
23.Nb1a3 Rd8g8
24.Ra1g1 Nb2c4
25.Na3xc4 dxc4
26.Nd4b5 a6
27.Nb5a3 b5
28.Na3c2 Ne7f5
29.g4 Nf5h4
30.Ke2 Nh4f5
31.e4 Nf5d6
32.Kf3 a5
33.Nc2d4 c5
34.Nd4e6 Nd6b7
35.e5 Rg8e8
36.Ne6g7 Re8xe5
37.Kf4 Re5e7
38.Ng7f5 Re7e2
39.g5 Re2xa2
40.g6 Ra2d2
41.Nf5e7 Kd8
42.g7 Kxe7
43.g8Q Rd2f2
44.Ke5 Rf2e2
45.Kd5 { resign }
1-0

[Event "Match"]
[Site "www.echecsemail.com"]
[Date "2016.04.18"]
[Round "1"]
[White "Pinehill"]
[Black "Carazo"]
[WhiteElo "2050"]
[BlackElo "1850"]
[Result "1-0"]
[Round "1"]
1.e4 e5
2.d4 Qd8f6
3.Ng1f3 Nb8c6
4.c3 b6
5.Bf1e2 a5
6.Bc1e3 h6
7.Nb1d2 Bc8a6
8.O-O d6
9.d5 Ba6xe2
10.Qd1xe2 Nc6e7
11.Qe2b5 Kd8
12.Nd2c4 Ne7c8
13.Qb5c6 Ra8b8
14.Nf3d2 Ng8e7
15.Qc6b5 Nc8a7
16.Qb5a6 Ne7c8
17.f4 Qf6h4
18.fxe5 g5
19.Rf1xf7 g4
20.g3 Qh4h5
21.Ra1f1 Bf8e7
22.Rf1f5 Qh5g6
23.exd6 cxd6
24.Be3xb6 Ke8
25.Bb6xa7 Nc8xa7
26.Qa6xa7 Qg6xf7
27.Qa7xb8 { resign }
1-0

[Event "Match"]
[Site "www.echecsemail.com"]
[Date "2016.04.18"]
[Round "1"]
[White "Elogic"]
[Black "Guidom"]
[WhiteElo "1800"]
[BlackElo "2030"]
[Result "0-1"]
[Round "1"]
1.f4 Nb8c6
2.e4 e5
3.d3 exf4
4.Bc1xf4 Bf8c5
5.Ng1f3 Qd8f6
6.Bf4xc7 Qf6xb2
7.Nb1d2 Nc6d4
8.Bc7e5 Nd4xc2
9.Ke2 Nc2d4
10.Nf3xd4 Bc5xd4
11.Be5xd4 Qb2xd4
12.Nd2c4 Ng8e7
13.Ra1b1 Ne7g6
14.g3 O-O
15.h4 d5
16.Nc4d2 Bc8g4
17.Nd2f3 dxe4
18.dxe4 Qd4xe4
19.Kf2 Rf8d8
20.Qd1b3 Bg4xf3
{ resign }
0-1

[Event "Match"]
[Site "www.echecsemail.com"]
[Date "2016.04.18"]
[Round "1"]
[White "Sorren"]
[Black "Paco"]
[WhiteElo "1790"]
[BlackElo "1850"]
[Result "1-0"]
[Round "1"]
1.e4 e5
2.Ng1f3 Nb8c6
3.Bf1c4 Ng8f6
4.Nf3g5 d5
5.exd5 Nf6xd5
6.Ng5xf7 Kxf7
7.Qd1f3 Ke6
8.Nb1c3 Nc6b4
9.Bc4b3 c6
10.a3 Nb4a6
11.O-O Na6c7
12.d4 Bf8d6
13.Rf1e1 Ke7
14.Nc3xd5 Ke8
15.Nd5b6 Rh8f8
16.Qf3h5 g6
17.Qh5xh7 axb6
18.Qh7xg6 Kd7
19.dxe5 Qd8e7
20.Bc1g5 Qe7e8
21.Qg6xe8 Rf8xe8
22.exd6 Nc7d5
23.Bb3xd5 cxd5
24.Re1xe8 Kxe8
25.Ra1e1 Kd7
26.Bg5f4 Ra8a4
27.Re1e7 Kc6
28.Bf4g3 Ra4d4
29.h4 Rd4d2
30.h5 Rd2xc2
31.Re7c7 { resign }
1-0

[Event "Match"]
[Site "www.echecsemail.com"]
[Date "2016.04.18"]
[Round "1"]
[White "Mdesouza"]
[Black "Starwind"]
[WhiteElo "2170"]
[BlackElo "1809"]
[Result "0-1"]
[Round "1"]
1.e4 c6
2.d4 d5
3.Nb1c3 dxe4
4.Nc3xe4 Nb8d7
5.Bf1c4 Ng8f6
6.Ne4g5 e6
7.Qd1e2 Nd7b6
8.Bc4d3 h6
9.Ng5f3 c5
10.dxc5 Bf8xc5
11.Nf3e5 Nb6d7
12.Ng1f3 Qd8c7
13.O-O O-O
14.Rf1e1 Bc5d6
15.Bc1f4 Nd7c5
16.Ra1d1 Nf6h5
17.Bf4g3 Nh5xg3
18.hxg3 b6
19.c3 Nc5xd3
20.Qe2xd3 Rf8d8
21.Re1e4 Bc8b7
22.Re4d4 Bb7d5
23.Ne5xf7 Qc7xf7
24.c4 Bd5xf3
25.gxf3 Bd6e7
26.Qd3e4 Qf7f6
27.b3 Rd8xd4
28.Rd1xd4 Ra8f8
29.Kg2 Be7c5
30.Rd4d2 a5
31.Qe4c6 Kh7
32.Rd2e2 e5
33.Qc6e4 Qf6f5
34.Qe4d5 Bc5d4
35.Re2d2 h5
36.Qd5e4 Qf5xe4
37.fxe4 g5
38.f3 g4
39.f4 h4
40.Rd2d3 h3
41.Kh2 Rf8d8
42.Kh1 exf4
{ resign }
0-1

[Event "Match"]
[Site "www.echecsemail.com"]
[Date "2016.04.18"]
[Round "1"]
[White "Elogic"]
[Black "Biggles"]
[WhiteElo "1860"]
[BlackElo "1980"]
[Result "0-1"]
[Round "1"]
1.b3 e5
2.e4 Ng8f6
3.Bc1b2 Nb8c6
4.Nb1c3 d5
5.exd5 Nf6xd5
6.Nc3xd5 Qd8xd5
7.Qd1f3 Bc8e6
8.Qf3xd5 Be6xd5
9.O-O-O O-O-O
10.Rd1e1 f6
11.c4 Bd5f7
12.g3 Bf8b4
13.Bb2c3 Bf7g6
14.Bf1h3 Kb8
15.Ng1f3 Rd8d6
16.Bc3xb4 Nc6xb4
17.a3 Nb4d3
18.Kd1 Nd3xf2
19.Ke2 Nf2xh3
20.Re1d1 Rh8d8
21.c5 Rd6d3
{ resign }
0-1

[Event "Match"]
[Site "www.echecsemail.com"]
[Date "2016.04.18"]
[Round "1"]
[White "Ztornad"]
[Black "Whitekknight"]
[WhiteElo "1730"]
[BlackElo "1910"]
[Result "0-1"]
[Round "1"]
1.e4 e5
2.Bf1c4 Ng8f6
3.Qd1f3 Bf8e7
4.Nb1c3 d6
5.Nc3d5 Bc8e6
6.Nd5xf6 Be7xf6
7.Bc4xe6 fxe6
8.Ng1e2 Nb8d7
9.Ne2g3 Qd8e7
10.O-O O-O-O
11.d3 Rh8f8
12.Bc1e3 Bf6g5
13.Qf3e2 Bg5h4
14.c3 g6
15.d4 g5
16.dxe5 Nd7xe5
17.Be3xa7 Ne5c6
18.Ba7e3 Nc6b8
19.f4 h6
20.Ra1d1 gxf4
21.Be3xf4 Nb8c6
22.Qe2h5 Bh4g5
23.Bf4xg5 hxg5
24.b4 Nc6e5
25.Qh5e2 c6
26.b5 Qe7c7
27.bxc6 Ne5xc6
28.Rf1xf8 Rd8xf8
29.Rd1f1 Rf8e8
30.Rf1d1 Re8d8
31.Qe2g4 Qc7e7
32.Rd1d5 Rd8g8
33.Ng3e2 Kc7
34.Rd5b5 Nc6e5
35.Qg4g3 Ne5c6
36.c4 b6
37.a3 e5
38.Ne2c3 Kb7
39.Nc3d5 Qe7d8
40.Qg3e3 Nc6d4
41.Rb5b2 Ka7
42.a4 Rg8g7
43.Nd5b4 Rg7c7
44.Qe3c1 Rc7c5
45.Nb4d3 Rc5a5
46.Qc1d1 Qd8d7
47.Rb2a2 Qd7c6
48.Nd3b2 Qc6c5
49.Kh1 Qc5c6
50.Qd1g4 b5
51.Qg4d1 Qc6xe4
52.Nb2d3 bxc4
53.Nd3f2 Qe4c6
54.Ra2a3 Nd4e6
55.h3 c3
56.Qd1f3 Qc6xf3
57.gxf3 c2
58.Ra3a1 Kb6
59.Nf2d3 Ne6c5
60.Nd3xc5 Ra5xc5
61.Ra1c1 d5
62.Kg2 d4
63.Kf2 Rc5c3
64.Ke2 Kc5
65.Kd2 Kb4
66.Rc1xc2 Rc3xf3
67.Rc2b2 Kxa4
68.Rb2b6 Rf3xh3
69.Rb6a6 Kb5
70.Ra6f6 Kc4
71.Rf6f5 Rh3h2
72.Ke1 e4
73.Rf5xg5 e3
74.Kf1 Kd3
75.Kg1 Rh2c2
76.Kh1 e2
77.Rg5g3 Kd2
78.Rg3g2 Rc2c1
79.Kh2 Rc1f1
80.Rg2xe2 Kxe2
81.Kg2 Rf1f3
82.Kg1 Rf3g3
83.Kh2 Kf2
84.Kh1 Rg3h3
{ resign }
0-1

[Event "Match"]
[Site "www.echecsemail.com"]
[Date "2016.04.18"]
[Round "1"]
[White "Chtoubidou"]
[Black "Gambitmiau"]
[WhiteElo "1970"]
[BlackElo "1870"]
[Result "1-0"]
[Round "1"]
1.d4 d5
2.Bc1f4 Nb8c6
3.e3 a6
4.Ng1f3 Bc8g4
5.Nb1d2 e6
6.h3 Bg4f5
7.Bf1e2 Nc6b4
8.O-O Nb4xc2
9.Ra1c1 Nc2b4
10.Bf4xc7 Qd8d7
11.Nf3e5 Ra8c8
12.Ne5xd7 Kxd7
13.Bc7a5 { resign }
1-0

[Event "Match"]
[Site "www.echecsemail.com"]
[Date "2016.04.18"]
[Round "1"]
[White "Billyg"]
[Black "Mrmoto"]
[WhiteElo "1590"]
[BlackElo "1570"]
[Result "0-1"]
[Round "1"]
1.e4 e6
2.d4 d5
3.e5 c5
4.Ng1f3 Nb8c6
5.Bf1b5 Qd8b6
6.Bb5a4 Ng8h6
7.O-O Nh6f5
8.c3 Bc8d7
9.g4 Nf5e7
10.dxc5 Qb6xc5
11.b4 Qc5b6
12.Bc1e3 Qb6c7
13.Nb1a3 a6
14.Ba4xc6 Qc7xc6
15.Nf3d4 Qc6xc3
16.Na3c2 Bd7a4
17.Be3d2 Qc3h3
18.Qd1b1 Qh3xg4
19.Kh1 Ne7g6
20.Nc2e3 Qg4xd4
21.Rf1d1 Ba4xd1
22.Qb1xd1 Ng6xe5
23.Qd1a4 b5
24.Qa4d1 Ne5d3
25.Qd1e2 Qd4xa1
26.Kg2 Nd3f4
27.Kf3 Nf4xe2
{ resign }
0-1

[Event "Match"]
[Site "www.echecsemail.com"]
[Date "2016.04.18"]
[Round "1"]
[White "Pinehill"]
[Black "Milkyway"]
[WhiteElo "2060"]
[BlackElo "1809"]
[Result "1/2-1/2"]
[Round "1"]
1.e4 e6
2.d4 d5
3.Nb1d2 dxe4
4.Nd2xe4 Bc8d7
5.Ng1f3 Bd7c6
6.Bf1d3 Nb8d7
7.O-O Ng8f6
8.Bc1g5 Bf8e7
9.Rf1e1 Nf6xe4
10.Bg5xe7 Qd8xe7
11.Bd3xe4 Bc6xe4
12.Re1xe4 Nd7f6
13.Re4e1 Ra8d8
14.c3 O-O
15.Qd1b3 b6
16.Nf3e5 Qe7d6
17.h3 c5
18.Ra1d1 cxd4
19.Ne5c4 Qd6c7
20.cxd4 Nf6d5
21.Nc4e5 Qc7d6
22.Ne5f3 Rd8c8
23.a3 Rc8c7
24.Nf3g5 h6
25.Ng5e4 Qd6d8
{ draw }
1/2-1/2

[Event "Match"]
[Site "www.echecsemail.com"]
[Date "2016.04.18"]
[Round "1"]
[White "Pimpampum"]
[Black "Vitoriccardo"]
[WhiteElo "1499"]
[BlackElo "1930"]
[Result "1/2-1/2"]
[Round "1"]
1.b3 e5
2.Bc1b2 Nb8c6
3.e3 d6
4.f4 exf4
5.exf4 Ng8f6
6.Ng1f3 Bc8g4
7.Bf1e2 Bf8e7
8.O-O O-O
9.d3 Nf6d5
10.Qd1d2 Be7f6
11.Nb1c3 Nc6d4
12.Nc3xd5 Nd4xe2
13.Qd2xe2 Bf6xb2
14.Ra1b1 Bb2f6
15.Nd5xf6 Qd8xf6
16.h3 Rf8e8
17.Qe2f2 Bg4d7
18.Nf3g5 Qf6g6
19.Kh2 Bd7c6
20.Rb1e1 h6
21.Ng5f3 Qg6f6
22.Qf2d4 Qf6g6
23.Nf3h4 Qg6h5
24.Qd4f2 Re8xe1
25.Rf1xe1 Ra8e8
26.Re1xe8 Bc6xe8
27.Nh4f3 a6
28.Qf2e3 Be8c6
29.Nf3d4 Qh5d5
30.Nd4xc6 Qd5xc6
31.c4 Kf8
32.d4 { draw }
1/2-1/2

[Event "1/128 Finale"]
[Site "www.chess-mail.com"]
[Date "2016.04.18"]
[Round "1"]
[White "Cal"]
[Black "Bluetealeaf"]
[WhiteElo "1610"]
[BlackElo "1740"]
[Result "1-0"]
[Round "1"]
1.c4 e5
2.e4 Bf8c5
3.Ng1f3 Qd8f6
4.a3 d6
5.d3 Bc8g4
6.Bf1e2 Bg4xf3
7.Be2xf3 g5
8.Bc1e3 Bc5xe3
9.fxe3 Nb8d7
10.O-O Ng8e7
11.h3 Ne7g6
12.Nb1c3 Ng6h4
13.Nc3d5 Qf6d8
14.Bf3h5 Rh8f8
15.Qd1g4 h6
16.Qg4e6 { resign }
1-0

[Event "1/128 Finale"]
[Site "www.chess-mail.com"]
[Date "2016.04.18"]
[Round "1"]
[White "Bevittsmith"]
[Black "Genius7"]
[WhiteElo "2310"]
[BlackElo "1850"]
[Result "1-0"]
[Round "1"]
1.e4 e5
2.Ng1f3 Ng8f6
3.Nf3xe5 d6
4.Ne5f3 Nf6xe4
5.d4 d5
6.Bf1d3 Bf8d6
7.O-O O-O
8.c4 c6
9.Nb1c3 Ne4xc3
10.bxc3 f5
11.Rf1e1 Nb8d7
12.Qd1b3 dxc4
13.Bd3xc4 Kh8
14.Nf3g5 { resign }
1-0

[Event "Tourn. n8675"]
[Site "www.chess-mail.com"]
[Date "2016.04.19"]
[Round "1"]
[White "Matchbox"]
[Black "Azulmarino"]
[WhiteElo "1690"]
[BlackElo "1490"]
[Result "1-0"]
[Round "1"]
1.e4 e5
2.Bf1c4 Ng8f6
3.d3 d6
4.Ng1f3 Bc8g4
5.Nb1c3 a6
6.a3 Nb8c6
7.h3 Bg4h5
8.Bc1e3 Nc6d4
9.Be3xd4 exd4
10.Nc3b1 d5
11.exd5 Bf8d6
12.O-O c6
13.dxc6 bxc6
14.Rf1e1 Kf8
15.Nb1d2 g6
16.Bc4b3 Kg7
17.Nd2e4 Rh8e8
18.Ne4xd6 Qd8xd6
19.g4 Bh5xg4
20.hxg4 Nf6xg4
21.Kg2 Re8e7
22.Re1xe7 Qd6xe7
23.Nf3xd4 Qe7h4
24.Qd1f3 Qh4h2
25.Kf1 Ra8e8
26.Qf3xf7 Kh6
27.Qf7f3 Qh2h5
28.Kg2 Re8e5
29.Qf3f8 Kg5
30.Nd4f3 { resign }
1-0

[Event "Tourn. n8557"]
[Site "www.chess-mail.com"]
[Date "2016.04.19"]
[Round "1"]
[White "Tonino1"]
[Black "Emiondi"]
[WhiteElo "2010"]
[BlackElo "2189"]
[Result "0-1"]
[Round "1"]
1.d4 Ng8f6
2.Ng1f3 g6
3.e3 Bf8g7
4.Bf1d3 d5
5.b3 O-O
6.Bc1b2 c5
7.Nb1d2 Nb8c6
8.O-O cxd4
9.exd4 Bc8g4
10.h3 Bg4xf3
11.Nd2xf3 Ra8c8
12.a3 Nf6e4
13.Rf1e1 Ne4c5
14.Bd3f1 Nc5e4
15.Bf1d3 Ne4f6
16.Nf3e5 Nf6d7
17.f4 Nd7xe5
18.fxe5 e6
19.Qd1g4 Nc6e7
20.Qg4f4 Ne7f5
21.Bd3xf5 gxf5
22.Re1e2 h6
23.g4 Qd8g5
24.Qf4xg5 hxg5
25.gxf5 exf5
26.c3 Rc8c6
27.Ra1e1 Rf8e8
28.Re2c2 f6
29.c4 fxe5
30.dxe5 dxc4
31.Rc2xc4 Re8e6
32.Rc4xc6 bxc6
33.Kf2 Kf7
34.Kf3 Kg6
35.Re1d1 a6
36.Rd1d7 Bg7f8
37.Rd7a7 c5
38.a4 Re6c6
39.Ra7a8 Bf8e7
40.Ra8a7 Kf7
41.Bb2a3 Ke6
42.Ba3b2 Rc6b6
43.Kg2 c4
44.b4 Be7xb4
45.Ra7g7 Bb4c5
46.Bb2c1 Kxe5
47.Rg7xg5 c3
48.Kf3 Rb6b4
49.Rg5g3 Rb4b1
50.Bc1f4 Kd5
51.Rg3g5 Rb1f1
52.Kg3 Rf1xf4
53.Kxf4 c2
54.Rg5xf5 Kc4
 { time }
0-1

[Event "Tourn. n8685"]
[Site "www.chess-mail.com"]
[Date "2016.04.19"]
[Round "1"]
[White "Elogic"]
[Black "Francesco"]
[WhiteElo "1860"]
[BlackElo "1930"]
[Result "1/2-1/2"]
[Round "1"]
1.Ng1f3 d5
2.c4 c6
3.e3 Bc8g4
4.d4 Ng8f6
5.b3 Nb8d7
6.c5 e5
7.h3 Bg4xf3
8.Qd1xf3 exd4
9.exd4 Bf8e7
10.Bf1e2 O-O
11.Be2d3 Rf8e8
12.Nb1c3 Qd8a5
13.Bc1d2 Qa5c7
14.O-O Ra8d8
15.Bd2f4 Qc7c8
16.Ra1e1 Be7f8
17.Bf4e5 Nd7xe5
18.dxe5 Nf6d7
19.b4 Nd7xe5
20.Bd3xh7 Kxh7
21.Qf3h5 Kg8
22.Re1xe5 Re8xe5
23.Qh5xe5 Rd8e8
24.Qe5g3 Qc8f5
25.f3 Re8e3
26.Nc3d1 Re3e2
27.a4 Qf5d7
28.Rf1e1 Re2xe1
29.Qg3xe1 g6
30.g4 Bf8g7
31.Qe1e2 Bg7d4
32.Kg2 Kg7
33.h4 Qd7d8
34.g5 f6
35.Qe2e6 fxg5
36.hxg5 Qd8xg5
37.Kf1 Qg5g1
38.Ke2 Qg1g5
39.Qe6d7 Kh6
40.Qd7xb7 Qg5e5
41.Kf1 Qe5f4
42.Ke2 Qf4h2
43.Kd3 Qh2g1
44.Kd2 { draw }
1/2-1/2

[Event "Tourn. n8685"]
[Site "www.chess-mail.com"]
[Date "2016.04.19"]
[Round "1"]
[White "Elogic"]
[Black "Osopanda"]
[WhiteElo "1860"]
[BlackElo "2010"]
[Result "0-1"]
[Round "1"]
1.c4 Ng8f6
2.Ng1f3 c6
3.b4 d5
4.e3 g6
5.c5 Bf8g7
6.Nb1c3 O-O
7.d4 Bc8g4
8.Bf1e2 Nf6e4
9.Nc3xe4 dxe4
10.Nf3g5 Bg4xe2
11.Qd1xe2 e5
12.Bc1b2 Qd8xg5
13.g3 exd4
14.exd4 Nb8d7
15.h4 Qg5d5
16.Qe2e3 f5
17.O-O-O b6
18.a4 bxc5
19.dxc5 Bg7xb2
20.Kxb2 Qd5e5
21.Ka3 Rf8d8
22.Rd1d6 Nd7f6
23.Rh1d1 Nf6d5
24.Qe3b3 Ra8b8
25.Rd6xd8 Rb8xd8
26.f4 Qe5e6
27.b5 cxb5
28.axb5 e3
29.Rd1e1 e2
30.Ka4 Rd8c8
31.Qb3b4 Nd5xb4
{ resign }
0-1

[Event "Tourn. n8698"]
[Site "www.chess-mail.com"]
[Date "2016.04.19"]
[Round "1"]
[White "Orhany24"]
[Black "Piekki"]
[WhiteElo "2120"]
[BlackElo "2070"]
[Result "1-0"]
[Round "1"]
1.e4 c5
2.Ng1f3 Nb8c6
3.d4 cxd4
4.Nf3xd4 Ng8f6
5.Nd4xc6 bxc6
6.Bf1d3 e5
7.c4 Bf8b4
8.Bc1d2 Bb4xd2
9.Qd1xd2 d5
10.cxd5 cxd5
11.exd5 Qd8xd5
12.O-O Bc8b7
13.f3 Ra8d8
14.Rf1d1 O-O
15.Nb1c3 Qd5d4
16.Qd2f2 Qd4xf2
17.Kxf2 Rf8e8
18.Bd3b5 Re8f8
19.Ke3 Nf6d5
20.Nc3xd5 Rd8xd5
21.Rd1xd5 Bb7xd5
22.a3 Bd5b3
23.Ra1c1 Rf8d8
24.Rc1c7 { resign }
1-0

[Event "Tourn. n8657"]
[Site "www.chess-mail.com"]
[Date "2016.04.19"]
[Round "1"]
[White "Gatrooper"]
[Black "Falcoale"]
[WhiteElo "1670"]
[BlackElo "1730"]
[Result "0-1"]
[Round "1"]
1.e4 c5
2.d3 Nb8c6
3.Ng1f3 d5
4.e5 e6
5.Nb1c3 g6
6.Bc1g5 Bf8e7
7.Bg5xe7 Ng8xe7
8.a3 Ne7f5
9.h3 Nc6d4
10.Nf3xd4 Nf5xd4
11.Nc3e2 Qd8a5
12.b4 Qa5c7
13.Ne2xd4 cxd4
14.Bf1e2 Qc7c3
15.Kf1 O-O
16.f3 Bc8d7
17.g4 f6
18.exf6 Rf8xf6
19.Rh1h2 Bd7a4
20.Ra1c1 Ra8c8
21.g5 Rf6f7
22.Kg1 Ba4xc2
23.Qd1xc2 Qc3xc2
24.Rc1xc2 Rc8xc2
25.Kf2 e5
26.Kg3 Rf7f5
27.Rh2f2 Rf5xg5
28.Kh2 Rc2c1
29.h4 Rg5g1
30.Rf2g2 Rg1h1
31.Kg3 Rc1c3
32.a4 e4
33.fxe4 dxe4
34.Kf4 Rh1xh4
35.Be2g4 exd3
36.Rg2d2 h5
37.Kg5 Rh4xg4
38.Kf6 Rg4g3
39.Rd2d1 Rg3f3
40.Kxg6 h4
41.Rd1g1 Rf3g3
42.Rg1xg3 hxg3
43.a5 d2
{ resign }
0-1

[Event "Tourn. n8685"]
[Site "www.chess-mail.com"]
[Date "2016.04.19"]
[Round "1"]
[White "Francesco"]
[Black "Coventry"]
[WhiteElo "1930"]
[BlackElo "1820"]
[Result "1/2-1/2"]
[Round "1"]
1.d4 d5
2.c4 e5
3.dxe5 d4
4.Ng1f3 Nb8c6
5.g3 Bc8e6
6.b3 Qd8d7
7.Bf1g2 h6
8.O-O g5
9.Bc1b2 O-O-O
10.Nb1d2 Bf8g7
11.Nd2e4 Be6h3
12.Bg2xh3 Qd7xh3
13.Qd1d3 g4
14.Nf3h4 Nc6xe5
15.Qd3d2 Ng8e7
16.Qd2f4 Ne7g6
17.Nh4xg6 fxg6
18.Ne4c5 Rd8f8
19.Qf4e4 c6
20.Bb2xd4 Rf8e8
21.Bd4xe5 Re8xe5
22.Qe4xg6 Re5h5
23.Qg6e6 Kb8
24.Nc5a6 bxa6
25.Qe6d6 Kb7
26.Qd6d7 Kb8
27.Qd7d6 { draw }
1/2-1/2

[Event "Tourn. n8654"]
[Site "www.chess-mail.com"]
[Date "2016.04.19"]
[Round "1"]
[White "Elogic"]
[Black "Falcoale"]
[WhiteElo "1960"]
[BlackElo "1710"]
[Result "0-1"]
[Round "1"]
1.f4 c5
2.e4 Nb8c6
3.c3 e6
4.g3 d5
5.e5 b6
6.b3 Bc8b7
7.Bf1g2 f6
8.d4 cxd4
9.cxd4 Ng8h6
10.exf6 Qd8xf6
11.Bc1b2 Bf8b4
12.Kf1 Nh6f5
13.Qd1f3 Nc6xd4
14.Bb2xd4 Qf6xd4
15.Nb1c3 Bb4xc3
16.Ra1d1 Qd4f6
17.Ng1e2 O-O
18.Rd1c1 Bc3d2
19.Rc1d1 Nf5e3
20.Kf2 Ne3xg2
21.Rd1xd2 Ng2xf4
22.gxf4 e5
23.Qf3g4 exf4
24.Ne2d4 Bb7c8
25.Qg4f3 Qf6h4
26.Kg2 Bc8b7
27.Nd4e6 Rf8b8
28.Rd2d4 Rb8c8
29.Rh1d1 Rc8c2
30.Kf1 Rc2xh2
31.Rd4xf4 Rh2h1
32.Ke2 Qh4h2
33.Ke3 d4
34.Rd1xd4 Bb7xf3
35.Rf4xf3 Rh1e1
{ resign }
0-1

[Event "Tourn. n8687"]
[Site "www.chess-mail.com"]
[Date "2016.04.19"]
[Round "1"]
[White "Guidom"]
[Black "Milkyway"]
[WhiteElo "2020"]
[BlackElo "1809"]
[Result "1/2-1/2"]
[Round "1"]
1.e4 e5
2.Ng1f3 Nb8c6
3.Bf1b5 Ng8f6
4.O-O Nf6xe4
5.Rf1e1 Ne4d6
6.Nf3xe5 Bf8e7
7.Bb5xc6 dxc6
8.d4 O-O
9.c3 Be7f6
10.Bc1f4 Rf8e8
11.Nb1d2 Bc8e6
12.Qd1c2 Be6f5
13.Qc2b3 Bf5e6
14.Qb3c2 Be6f5
15.Qc2c1 Bf6g5
16.Nd2f3 Bg5xf4
17.Qc1xf4 Bf5e6
18.b3 f6
19.Ne5g4 Qd8d7
20.Ng4e3 Be6f7
21.Nf3d2 Ra8d8
{ draw }
1/2-1/2

[Event "Tourn. n8632"]
[Site "www.chess-mail.com"]
[Date "2016.04.19"]
[Round "1"]
[White "Falcoale"]
[Black "Gilliere"]
[WhiteElo "1720"]
[BlackElo "1880"]
[Result "1-0"]
[Round "1"]
1.e4 e5
2.Ng1f3 d6
3.Bf1c4 Nb8c6
4.a3 h6
5.O-O Ng8f6
6.d3 a6
7.h3 Bf8e7
8.b4 b5
9.Bc4a2 O-O
10.Nf3h2 Rf8e8
11.f4 exf4
12.Bc1xf4 Be7f8
13.Rf1f3 Nc6d4
14.Rf3f1 Bc8b7
15.c3 Nd4e6
16.Nh2g4 Nf6xg4
17.Qd1xg4 Ne6xf4
18.Rf1xf4 d5
19.Nb1d2 Bb7c8
20.Qg4h5 g6
21.Qh5f3 f5
22.exd5 Kg7
23.Rf4d4 Bc8b7
24.c4 bxc4
25.dxc4 Bf8d6
26.Rd4d3 Qd8f6
27.Ra1f1 Qf6b2
28.Ba2b1 Re8e7
29.c5 Bd6e5
30.c6 Be5d4
31.Kh1 Bb7c8
32.Nd2c4 Qb2a1
33.Bb1c2 Qa1a2
34.Bc2b3 Qa2xb3
35.Rd3xb3 g5
36.Nc4e3 f4
37.Ne3c2 Bd4f6
38.Nc2e3 Re7f7
39.Ne3g4 Bc8xg4
40.hxg4 Ra8e8
41.Qf3d3 Re8e3
42.Qd3c4 Re3e5
43.Qc4xa6 Re5xd5
44.Rb3d3 Rd5xd3
45.Qa6xd3 Rf7e7
46.b5 Re7e3
47.Qd3d7 Re3e7
48.Qd7c8 Re7f7
49.Rf1d1 { resign }
1-0

[Event "Tourn. n8719"]
[Site "www.chess-mail.com"]
[Date "2016.04.19"]
[Round "1"]
[White "Sorren"]
[Black "Elogic"]
[WhiteElo "1930"]
[BlackElo "1850"]
[Result "1-0"]
[Round "1"]
1.e4 g6
2.d4 d5
3.Nb1c3 dxe4
4.Nc3xe4 b6
5.Ng1f3 Bc8b7
6.Bf1d3 Bb7a6
7.O-O Bf8g7
8.c3 f5
9.Ne4g5 Ba6c8
10.Rf1e1 Nb8c6
11.Bd3b5 Bc8d7
12.Bb5xc6 Bd7xc6
13.Ng5e6 Qd8d6
14.Ne6xg7 Kf7
15.Ng7e6 Bc6xf3
16.Qd1xf3 c6
17.Bc1f4 Qd6d7
18.Ra1d1 h6
19.d5 cxd5
20.Qf3xd5 Qd7xd5
21.Rd1xd5 Ng8f6
22.Rd5d1 g5
23.Bf4c1 Nf6e4
24.Ne6d4 e6
25.f3 Ne4c5
26.b4 Nc5a4
27.Rd1d3 Rh8d8
28.Re1d1 Ra8c8
29.Nd4b5 Rd8xd3
30.Rd1xd3 Rc8a8
31.Rd3d7 Kf6
32.Rd7xa7 Ra8xa7
33.Nb5xa7 Na4xc3
34.Bc1b2 { resign }
1-0

[Event "Match"]
[Site "www.echecsemail.com"]
[Date "2016.04.19"]
[Round "1"]
[White "Milkyway"]
[Black "Libiesse"]
[WhiteElo "1809"]
[BlackElo "2080"]
[Result "1/2-1/2"]
[Round "1"]
1.Ng1f3 d5
2.g3 Ng8f6
3.Bf1g2 c6
4.d4 Bc8f5
5.O-O Nb8d7
6.Nb1d2 Ra8c8
7.c4 Nd7b6
8.c5 Nb6d7
9.b4 Qd8c7
10.Nd2b3 b6
11.Bc1b2 e6
12.Ra1c1 Bf8e7
13.a4 bxc5
14.bxc5 Rc8b8
15.Bb2c3 O-O
16.Nf3h4 Bf5g6
17.Nh4xg6 fxg6
18.Rc1b1 { draw }
1/2-1/2

[Event "Match"]
[Site "www.echecsemail.com"]
[Date "2016.04.19"]
[Round "1"]
[White "Crush"]
[Black "Sik"]
[WhiteElo "1680"]
[BlackElo "1690"]
[Result "0-1"]
[Round "1"]
1.e4 e5
2.Ng1f3 Nb8c6
3.Nb1c3 Ng8f6
4.Bf1c4 h6
5.d3 Bf8e7
6.Bc1e3 d6
7.O-O O-O
8.d4 Nf6xe4
9.Nc3xe4 Bc8f5
10.Bc4d3 Bf5g4
11.h3 Bg4xf3
12.Qd1xf3 exd4
13.c3 dxe3
14.fxe3 Nc6e5
15.Ne4g3 Ne5xf3
16.Rf1xf3 c6
17.Ng3f5 Be7g5
18.h4 Bg5xh4
19.Nf5xh4 Qd8xh4
20.Rf3h3 Qh4g5
21.Ra1f1 Qg5d5
22.Rf1d1 Qd5xa2
23.Rd1d2 Ra8e8
24.Kh2 Re8e5
25.Rh3g3 Rf8e8
26.Rd2e2 Qa2d5
27.Bd3c2 Re5g5
28.Rg3f3 Qd5e5
29.Kg1 Rg5g3
30.Rf3f4 Qe5c5
31.Kh1 Qc5h5
32.Kg1 Qh5xe2
33.Rf4f2 Qe2xe3
34.Kf1 Qe3e1

0-1

[Event "Match"]
[Site "www.echecsemail.com"]
[Date "2016.04.19"]
[Round "1"]
[White "Pinehill"]
[Black "Genius7"]
[WhiteElo "2050"]
[BlackElo "1780"]
[Result "0-1"]
[Round "1"]
1.e4 c5
2.Ng1f3 Nb8c6
3.d4 cxd4
4.Nf3xd4 g6
5.Nb1c3 Bf8g7
6.Bc1e3 d6
7.Bf1b5 Bc8d7
8.Qd1d2 Ng8f6
9.O-O-O O-O
10.Kb1 Nf6g4
11.Nd4xc6 bxc6
12.Bb5a4 Ng4xe3
13.Qd2xe3 Qd8a5
14.Ba4b3 Bg7xc3
15.bxc3 Ra8b8
16.Rd1d3 c5
17.Ka1 Qa5a3
18.e5 c4
19.Rd3d4 cxb3
20.cxb3 Rb8xb3
21.Qe3d2 Rb3xc3
22.exd6 e5
23.Rd4h4 Bd7e6
24.d7 Rc3d3
25.Qd2b2 Qa3xb2
26.Kxb2 Rd3xd7
27.Rh1c1 Rd7d2
28.Rc1c2 Rd2xc2
29.Kxc2 Be6xa2
30.Rh4a4 Ba2d5
31.Ra4xa7 Bd5xg2
32.Kd2 Bg2d5
{ resign }
0-1

[Event "Match"]
[Site "www.echecsemail.com"]
[Date "2016.04.19"]
[Round "1"]
[White "Buchauer"]
[Black "Ericleo1980"]
[WhiteElo "1809"]
[BlackElo "2370"]
[Result "1-0"]
[Round "1"]
1.d4 Ng8f6
2.c4 e6
3.Nb1c3 Bf8b4
4.e3 O-O
5.Bf1d3 d5
6.Ng1f3 c5
7.O-O Nb8c6
8.a3 Bb4xc3
9.bxc3 cxd4
10.cxd5 Qd8xd5
11.cxd4 e5
12.dxe5 Nc6xe5
13.Bd3xh7 Kxh7
14.Qd1xd5 Nf6xd5
15.Nf3xe5 f6
16.Ne5f3 Bc8g4
17.Nf3d4 a6
18.e4 Nd5c7
19.f3 Bg4d7
20.Bc1e3 Nc7b5
21.Nd4b3 a5
22.a4 Nb5c3
23.Nb3c5 Bd7c6
24.Ra1a3 b6
25.Nc5e6 Nc3xa4
26.Ne6xf8 Ra8xf8
27.Rf1c1 Bc6e8
28.Rc1c8 b5
29.Rc8a8 Na4b2
30.Ra8xa5 Nb2c4
31.Be3c5 Rf8g8
32.Ra5a7 Nc4xa3
33.Bc5xa3 Kg6
34.g4 Rg8h8
35.Kg2 Be8f7
36.f4 Bf7c4
37.f5 Kh6
38.h4 Rh8d8
39.g5 fxg5
40.hxg5 Kxg5
41.Ba3c1 Kf6
42.Kf3 Rd8d3
43.Kf4 g5
44.Kg4 Rd3b3
45.Bc1xg5 Ke5
46.Ra7e7 Kd6
47.e5 Kc6
48.f6 Bc4e2
49.Kf4 Rb3f3
50.Ke4 Rf3f1
51.Bg5f4 Be2f3
52.Kf5 Bf3h5
53.e6 Rf1g1
54.Re7c7 Kd5
55.f7 Bh5g6
56.Kf6 Bg6xf7
57.exf7 Rg1f1
58.Kf5 { resign }
1-0

[Event "Match"]
[Site "www.echecsemail.com"]
[Date "2016.04.19"]
[Round "1"]
[White "Irene"]
[Black "Coraza8091"]
[WhiteElo "2070"]
[BlackElo "1730"]
[Result "1-0"]
[Round "1"]
1.d4 Ng8f6
2.Nb1c3 g6
3.Bc1f4 Nb8c6
4.Ng1f3 a6
5.e4 d5
6.e5 Nf6h5
7.Bf4e3 Nc6b4
8.a3 Nb4c6
9.Bf1e2 e6
10.Nf3g5 h6
11.Ng5xf7 Kxf7
12.Be2xh5 gxh5
13.Qd1xh5 Kg7
14.Nc3e2 Kh7
15.Ne2f4 Rh8g8
16.O-O Rg8g5
17.Qh5h3 Rg5f5
18.Nf4h5 Qd8e8
19.Nh5f6 Rf5xf6
20.exf6 e5
21.Qh3h4 Qe8d8
22.dxe5 Nc6xe5
23.Be3d4 Ne5g6
24.Qh4g3 Bf8d6
25.Qg3d3 Bc8e6
26.Rf1e1 Qd8d7
27.Re1e3 Be6f5
28.Qd3b3 b5
29.g3 Bf5e4
30.f3 Bd6e5
31.Bd4xe5 Be4f5
32.Ra1e1 Bf5e6
33.Qb3b4 Qd7c6
34.Be5d4 Be6h3
35.Re3e7 Ng6xe7
36.Qb4xe7 Kg6
37.Qe7g7 { resign }
1-0

[Event "Match"]
[Site "www.echecsemail.com"]
[Date "2016.04.19"]
[Round "1"]
[White "Watford"]
[Black "Coraza"]
[WhiteElo "1570"]
[BlackElo "1740"]
[Result "0-1"]
[Round "1"]
1.d4 e6
2.e4 Ng8f6
3.Nb1c3 Bf8b4
4.Bf1d3 Nb8c6
5.Ng1e2 O-O
6.O-O Bb4xc3
7.bxc3 e5
8.d5 Nc6e7
9.c4 d6
10.Ra1b1 b6
11.Ne2g3 { time. }
0-1